Dôsledky prítomnosti nadmernej sebadôvery v poisťovníctve

Verifikácia prítomnosti nadmernej sebadôvery na vzorke študentov s dôrazom na vymedzenie dôsledkov, ktoré z nej vyplývajú pre oblasť poisťovníctva. Výskum realizovaný na vzorke študentov Ekonomickej univerzity v Bratislave potvrdil prítomnosť nadmernej sebadôvery v úsudkoch študentov, najmä u mužov....

ver descrição completa

Na minha lista:
Detalhes bibliográficos
Autor principal: Ondruška, Tomáš, 1988-
Formato: Capítulo de Livro
Idioma:eslovaco
Assuntos:
Tags: Adicionar Tag
Sem tags, seja o primeiro a adicionar uma tag!

MARC

LEADER 00000nla a2200000 4500
001 0226110
005 20241118101751.2
041 0 |a slo 
044 |a SK 
245 1 0 |a Dôsledky prítomnosti nadmernej sebadôvery v poisťovníctve  |c Tomáš Ondruška 
520 |a Verifikácia prítomnosti nadmernej sebadôvery na vzorke študentov s dôrazom na vymedzenie dôsledkov, ktoré z nej vyplývajú pre oblasť poisťovníctva. Výskum realizovaný na vzorke študentov Ekonomickej univerzity v Bratislave potvrdil prítomnosť nadmernej sebadôvery v úsudkoch študentov, najmä u mužov. Plusy a mínusy nadmernej sebadôvery. 
610 2 0 |a poisťovníctvo 
610 2 0 |a rozhodovanie za rizika 
610 2 0 |a rozhodovanie za neurčitosti 
610 2 0 |a študenti 
610 2 0 |a muži 
610 2 0 |a psychológia 
610 2 0 |a sebadôvera 
610 2 0 |a prieskum 
100 1 |a Ondruška, Tomáš, 1988-